| 000 -CABECERA |
| campo de control de longitud fija |
00753nam a2200205 a 4500 |
| 001 - NÚMERO DE CONTROL |
| campo de control |
000049334 |
| 005 - FECHA Y HORA DE LA ÚLTIMA TRANSACCIÓN |
| campo de control |
20200120222638.0 |
| 008 - DATOS DE LONGITUD FIJA--INFORMACIÓN GENERAL |
| campo de control de longitud fija |
070209s2002 ck 0gr 0 spa d |
| 020 ## - NÚMERO INTERNACIONAL ESTÁNDAR DEL LIBRO |
| Número Internacional Estándar del Libro |
9586761991 |
| 082 04 - NÚMERO DE LA CLASIFICACIÓN DECIMAL DEWEY |
| Número de clasificación |
324.07 |
| Número de documento/Ítem |
P11 |
| 100 0# - ENTRADA PRINCIPAL--NOMBRE DE PERSONA |
| Nombre de persona |
Pabón Parra, Pedro Alfonso |
| 245 10 - MENCIÓN DE TÍTULO |
| Título |
Delitos electorales : |
| Resto del título |
el proceso electoral, los mecanismos de participación democrática y su protección penal, jurisprudencia, doctrina / |
| Mención de responsabilidad, etc. |
Pedro Alfonso Pabón Parra. |
| 250 ## - MENCIÓN DE EDICIÓN |
| Mención de edición |
1a. ed. |
| 260 ## - PUBLICACIÓN, DISTRIBUCIÓN, ETC. |
| Lugar de publicación, distribución, etc. |
Bogotá : |
| Nombre del editor, distribuidor, etc. |
Ediciones Doctrina y ley, |
| Fecha de publicación, distribución, etc. |
2002. |
| 300 ## - DESCRIPCIÓN FÍSICA |
| Extensión |
381 p. |
| 650 14 - PUNTO DE ACCESO ADICIONAL DE MATERIA--TÉRMINO DE MATERIA |
| Término de materia o nombre geográfico como elemento de entrada |
Elecciones |
| Subdivisión general |
Legislación |
| Subdivisión geográfica |
Colombia |
| 650 24 - PUNTO DE ACCESO ADICIONAL DE MATERIA--TÉRMINO DE MATERIA |
| Término de materia o nombre geográfico como elemento de entrada |
Delitos electorales |
| Subdivisión general |
Legislación |
| Subdivisión geográfica |
Colombia |
| 650 24 - PUNTO DE ACCESO ADICIONAL DE MATERIA--TÉRMINO DE MATERIA |
| Término de materia o nombre geográfico como elemento de entrada |
Fraude electoral |
| Subdivisión geográfica |
Colombia |
| 650 24 - PUNTO DE ACCESO ADICIONAL DE MATERIA--TÉRMINO DE MATERIA |
| Término de materia o nombre geográfico como elemento de entrada |
Fraude electoral |
| Subdivisión general |
Clasificación |